000 nam a22 7a 4500
999 _c108
_d108
005 20170418093406.0
008 170418b2003 at ||||| |||| 00| 0 eng d
020 _a186468741X
040 _aAKMAL
082 _a336.27140994 GST
090 _a336.27140994
_bGST
245 _aGST AUDIT AND COMPLIANCE GUIDE
300 _c23cm
942 _2ddc
_cBOOK